Leyendas mexicanas : (Record no. 166452)

MARC details
000 -CABECERA
campo de control de longitud fija 00599nam a2200193 a 4500
005 - FECHA Y HORA DE LA ÚLTIMA TRANSACCIÓN
campo de control 20210223132227.0
008 - ELEMENTOS DE LONGITUD FIJA--INFORMACIÓN GENERAL
campo de control de longitud fija 131202s2008 mx r 000 0 spa d
020 ## - NÚMERO INTERNACIONAL NORMALIZADO PARA LIBROS
Número Internacional Estándar del Libro 9788424149604
035 ## - NÚMERO DE CONTROL DEL SISTEMA
Número de control de sistema UPN01000194351
049 ## - COLECCIÓN
Colección CG
050 #4 - SIGNATURA TOPOGRÁFICA DE LA BIBLIOTECA DEL CONGRESO
Número de clasificación PQ7100
Número de documento/Ítem L4.8
245 00 - MENCIÓN DE TÍTULO
Título Leyendas mexicanas :
Resto del título antología /
Mención de responsabilidad, etc. selec., introd. y notas onomásticas por José Rogelio Alvarez.
260 ## - PUBLICACIÓN, DISTRIBUCIÓN, ETC.
Lugar de publicación, distribución, etc. León, Esp. :
Nombre del editor, distribuidor, etc. Everest,
Fecha de publicación, distribución, etc. [2008].
300 ## - DESCRIPCIÓN FÍSICA
Extensión 1056 p. :
Otras características físicas il.
650 #4 - ASIENTO SECUNDARIO DE MATERIA - TERMINO TEMATICO
Término de materia o nombre geográfico como elemento de entrada LEYENDAS MEXICANAS
9 (RLIN) 11067
700 1# - ASIENTO SECUNDARIO--NOMBRE DE PERSONAL
Nombre de persona Alvarez, José Rogelio,
Fechas asociadas al nombre 1922-2011
Término indicativo de función/relación comp.
9 (RLIN) 30733
905 ## - TIPO DE MATERIAL
Tipo de material Libro
Holdings
Estado de retiro Estado de pérdida Fuente del sistema de clasificación o colocación Estado dañado No para préstamo Código de colección Localización permanente Ubicación/localización actual Ubicación en estantería Fecha de adquisición Total de préstamos Renovaciones totales Clasificación Código de barras Fecha visto por última vez Fecha del último préstamo Número de copia Tipo de ítem Koha
    Library of Congress Classification     Colección General Bib. Gregorio Torres Quintero Bib. Gregorio Torres Quintero Planta baja 12/10/2022 12 1 PQ7100 L4.8 293891 21/06/2024 24/05/2024 1 Libro